Catalog

Record Details

Catalog Search



STEPS : skupinový terapeuticko-edukační program pro sourozence dětí s poruchami autistického spektra : manuál k vedení programu  Cover Image Book Book

STEPS : skupinový terapeuticko-edukační program pro sourozence dětí s poruchami autistického spektra : manuál k vedení programu / David Havelka

Havelka, David (Author).

Record details

  • ISBN: 978-80-88290-49-0
  • Physical Description: 198 stran : ilustrace ; 21 cm
  • Edition: Vydání první
  • Publisher: V Praze : Pasparta, 2020

Content descriptions

General Note:
"Včetně online materiálů"--Obálka
Bibliography, etc. Note:
Obsahuje bibliografie a bibliografické odkazy
Language Note:
České a anglické resumé
Subject: STEPS (program)
vzdělávací programy
sociálněpsychologický výzkum
dětská psychoterapie
kognitivně-behaviorální terapie
sourozenci
děti s autismem
educational programs
social psychological research
child psychotherapy
cognitive-behavioral therapy
siblings
children with autism
Genre: monografie
metodické příručky
monographs
methodological manuals

Available copies

  • 1 of 1 copy available at Common Catalog SPOK.

Holds

  • 0 current holds with 1 total copy.
Show Only Available Copies
Location Call Number / Copy Notes Barcode Shelving Location Status Due Date
Jabok Library PeS-5.6 424480043390 Odborná literatura Available -

LDR 02521cam a2200637 i 4500
00147827
003CZ-PrJAB
00520201215130119.0
007ta
008200630s2020 xr a f f 000 0 cze d
015 . ‡acnb003233603
020 . ‡a978-80-88290-49-0 ‡q(brožováno) ‡z978-8088-29-049-0
035 . ‡a(CZ PrNK)nkc20203233603
035 . ‡a(OCoLC)1200257656
040 . ‡aULG001 ‡bcze ‡dOLA001 ‡erda
0410 . ‡acze ‡bcze ‡beng
072 7. ‡a615.8 ‡xFyzioterapie. Psychoterapie. Alternativní lékařství ‡2Konspekt ‡914
080 . ‡a37.091.214 ‡2MRF
080 . ‡a316.6:001.891 ‡2MRF
080 . ‡a615.851-053.2 ‡2MRF
080 . ‡a[615.851:165.194]:364-785.62 ‡2MRF
080 . ‡a316.356.2-055.71 ‡2MRF
080 . ‡a316.344.6-056.36-053.2 ‡2MRF
080 . ‡a(048.8) ‡2MRF
080 . ‡a(072) ‡2MRF
1001 . ‡aHavelka, David ‡7xx0235395 ‡4aut
24510. ‡aSTEPS : ‡bskupinový terapeuticko-edukační program pro sourozence dětí s poruchami autistického spektra : manuál k vedení programu / ‡cDavid Havelka
24618. ‡aSkupinový terapeuticko-edukační program pro sourozence dětí s poruchami autistického spektra
250 . ‡aVydání první
264 1. ‡aV Praze : ‡bPasparta, ‡c2020
300 . ‡a198 stran : ‡bilustrace ; ‡c21 cm
336 . ‡atext ‡btxt ‡2rdacontent
337 . ‡abez média ‡bn ‡2rdamedia
338 . ‡asvazek ‡bnc ‡2rdacarrier
500 . ‡a"Včetně online materiálů"--Obálka
504 . ‡aObsahuje bibliografie a bibliografické odkazy
546 . ‡aČeské a anglické resumé
61027. ‡aSTEPS (program) ‡7ko20201083924 ‡2czenas
65007. ‡avzdělávací programy ‡7ph127309 ‡2czenas
65007. ‡asociálněpsychologický výzkum ‡7ph125772 ‡2czenas
65007. ‡adětská psychoterapie ‡7ph139172 ‡2czenas
65007. ‡akognitivně-behaviorální terapie ‡7ph121694 ‡2czenas
65007. ‡asourozenci ‡7ph125877 ‡2czenas
65007. ‡aděti s autismem ‡7ph114095 ‡2czenas
65009. ‡aeducational programs ‡2eczenas
65009. ‡asocial psychological research ‡2eczenas
65009. ‡achild psychotherapy ‡2eczenas
65009. ‡acognitive-behavioral therapy ‡2eczenas
65009. ‡asiblings ‡2eczenas
65009. ‡achildren with autism ‡2eczenas
655 7. ‡amonografie ‡7fd132842 ‡2czenas
655 7. ‡ametodické příručky ‡7fd132826 ‡2czenas
655 9. ‡amonographs ‡2eczenas
655 9. ‡amethodological manuals ‡2eczenas
910 . ‡aABG312
995 . ‡aska
901 . ‡a47827 ‡bCZ-PrJAB ‡c47827 ‡tbiblio

Additional Resources